000
00304nam a22001337a 4500
008
170802b xxu||||| |||| 00| 0 eng d
020
_a
3540098658
041
_a
eng
080
_a
004
100
_a
32
101
_a
SHK
245
_a
KOMMUNIKATION IN VERTEILTEN SYSTEMEN
_c
SCHINDLER,S
942
_2
udc
_c
BK
999
_c
22530
_d
22530